000 00493nam a2200205Ia 4500
005 20240823015425.0
008 240823s9999||||xx |||||||||||||| ||und||
020 _a81-86308-60-1
041 _aENGLISH
082 _A629.225 P5
100 _aJain S C
245 0 _aFarm Tractor : Maintenance and Repair
250 _a2nd
260 _c2005
_b"Standard Pub,"
_aDelhi
500 _aTRANSFERED
650 _aMechanics
_bMechanical
700 _a Rai C R
942 _cBK
999 _c172389
_d172389